00591nam a22001697a 4500003000500000038001800005082000800023100002500031245008700056264003200143650002800175700004400203856005700247942001200304999001900316952008600335NUST aNusrat Nadeem a200 aAdnan Bashir,993465 aReturns to Research and Higher Education: A Case Study of Pakistan/cBashir, Adnan aIslamabad:bS3H NUSTc2024. aPhD- Economics 9123160 aSupervisor: Dr. Zahid Siddique9126223 uhttp://10.250.8.41:8080/xmlui/handle/123456789/57439 2ddccSC c616395d616395 00104070aCLbCLcTHEd2026-02-24l0o200pCLPT-809r2026-02-24w2026-02-24ySC